Bee Swarm General Knowledge - Statistics

General Stats
  • This quiz has been taken 190 times
    189 since last reset
  • The average score is 21 of 35
Answer Stats
Hint Answer % Correct
What is the maximum amount of bees a player can have in their hive? 50
98%
What is the Christmas event called? Beesmas
95%
How many stingers do you need to obtain a Vicious Bee? 250
94%
How many common bees are there? 1
91%
What rarity of egg is located inside in the werewolf's cave? Gold Egg
90%
What is the creator of BSS called? Onett
88%
How many hit points does the Stump Snail start with? 30,000,000
83%
How many differenty types of bees are in the game? (as of 2nd Sep 2025) 46 Types
81%
What is the endgame blue hive mask called? Diamond Mask
81%
What year did the game release? 2018
79%
How much score do you need for a Diamond Ant Amulet in the Ant Challenge? 100
78%
How many Tickets does a Royal Jelly cost from the Royal Jelly dispenser? 6 Tickets
78%
How much score do you need for a Supreme Ant Amulet in the Ant Challenge? 150
76%
What is the only mob that can knock players back? Windy Bee
75%
Which bee has the lowest base attack? Baby Bee
74%
How many Tickets does a Magic bean cost from the Magic bean shop? 20 Tickets
71%
Which bee ability token, links to collect other tokens? Token Link
68%
How many rounds are there in the Robo Bear Challenge? 25
65%
How long do freshly spawned puffshrooms last before despwaning? 5 Minutes
61%
What is the name of the macro many players use? Natro (Natro Macro)
58%
What is the most expensive item in the game? Planter of Plenty
58%
What is the Gifted Basic Bee's hive bonus? 1.2x Pollen
55%
On average, how many Royal Jellies does it take to roll a gifted bee? 250
54%
After which stinger would a Star Saw activate? 3rd
52%
On average, how many Royal Jellies does it take to roll a mythic bee? 25,000
47%
How many stickers stacked do you need for the grandmaster sticker stack bagde? 500
43%
What is Music Bee's favorite type of treat? Blueberries
42%
How many boost tokens are needed to summon a Guiding Star from 0? 250
36%
What are the 3 colored passives from a Supreme Star Amulet? Pop star, Gummy star, Scorching star
34%
What is the max Honey per pollen stat you can have on a moon amulet? 8% Honey per pollen
30%
What is the chance to receive a King Beetle Amulet from defeating the King Beetle? 1 in 7
28%
What is the cooldown for using a Festive Bean? 2 Hours
25%
Which bee has the lowest base energy? Tadpole Bee
21%
When a player has the grandmaster battle badge, what is the added stat? +100% Critical Power
17%
As well as 100% Instant Conversion, what other buff does Festive Blessing give? 2x Convert Rate
16%
No matching quizzes found
Score Distribution
Percent of People with Each Score
Percentile by Number Answered
Your Score History
You have not taken this quiz since the last reset